[Event "Nova Gorica op 25th"]
[Site "Nova Gorica"]
[Date "2020.01.25"]
[Round "2"]
[White "Tomazini, Zan"]
[Black "Jovanovic, Zoran"]
[Result "0-1"]
[WhiteElo "2385"]
[BlackElo "2519"]
[PlyCount "98"]
[EventDate "2020.01.24"]
[EventType "swiss"]
[EventRounds "9"]
[EventCountry "SLO"]
[SourceTitle "CBM 194"]
[Source "ChessBase"]
[SourceDate "2020.01.27"]
[SourceVersion "1"]
[SourceVersionDate "2020.01.27"]
[SourceQuality "1"]

1. e4 g6 2. d4 Bg7 3. Nf3 c6 4. h3 d5 5. Nc3 dxe4 6. Nxe4 Nf6 7. Nxf6+ exf6 8. Bc4 Qe7+ 9. Qe2 Qxe2+ 10. Bxe2 Bf5 11. c3 0-0 12. 0-0 Re8 13. Re1 Nd7 14. Bf4 Nb6 15. Nd2 Nd5 16. Bg3 Bh6 17. Nb3 a5 18. Bf3 Rxe1+ 19. Rxe1 a4 20. Nc5 a3 21. bxa3 Bd2 22. Rd1 Bxc3 23. Nxb7 Bb2 24. Nd6 Be6 25. Nc4 Bxa3 26. Nxa3 Rxa3 27. Rd2 Ra6 28. Bd6 Nc3 29. Rb2 h5 30. Rb8+ Kg7 31. Bf8+ Kh7 32. a3 Bd5 33. Bxd5 Nxd5 34. Bc5 g5 35. Rb7 Kg6 36. Kf1 Ra4 37. Ra7 Rc4 38. g3 Rc1+ 39. Ke2 Rc2+ 40. Ke1 h4 41. gxh4 gxh4 42. a4 Nf4 43. Kd1 Ra2 44. a5 Nxh3 45. d5 cxd5 46. Kc1 Nf4 47. Kb1 Ra4 48. Ra8 h3 49. Bd6 Kg7 0-1

[Event "SLO-chT 29th"]
[Site "Slovenia"]
[Date "2019.12.21"]
[Round "8.2"]
[White "Tomazini, Zan"]
[Black "Janzelj, Tim"]
[Result "1-0"]
[WhiteElo "2358"]
[BlackElo "2438"]
[PlyCount "93"]
[EventDate "2019.09.06"]
[EventType "team-tourn"]
[EventRounds "9"]
[EventCountry "SLO"]
[SourceTitle "CBM 195 Extra"]
[Source "ChessBase"]
[SourceDate "2020.05.31"]
[SourceVersion "1"]
[SourceVersionDate "2020.05.31"]
[SourceQuality "1"]
[WhiteTeam "Slovenska Bistrica Impol"]
[BlackTeam "Ig"]
[WhiteTeamCountry "SLO"]
[BlackTeamCountry "SLO"]

1. e4 c6 2. d4 d5 3. e5 Bf5 4. Nf3 e6 5. Be2 c5 6. c3 Nc6 7. 0-0 Bg6 8. Be3 Qb6 9. Qd2 Nh6 10. Nh4 Be4 11. g4 Ng8 12. f3 Bxb1 13. Raxb1 h5 14. Ng2 Qa5 15. Qd3 Nge7 16. Nf4 c4 17. Qc2 g6 18. b3 cxb3 19. axb3 Bh6 20. Qd2 Rc8 21. b4 Qc7 22. Rbc1 Bg7 23. Kg2 a6 24. h3 Na7 25. c4 dxc4 26. Bxc4 Qd7 27. d5 exd5 28. Nxd5 Nxd5 29. Bxa7 Rd8 30. Rfd1 hxg4 31. Qxd5 gxh3+ 32. Kh1 Qxd5 33. Rxd5 Rc8 34. Be3 0-0 35. Rd7 Bxe5 36. Bxf7+ Kh8 37. Rc5 Rxc5 38. Bxc5 Rc8 39. Bxg6 b6 40. Be3 a5 41. f4 Bb2 42. b5 a4 43. Bxb6 a3 44. Bf7 Kg7 45. Bc7 Bd4 46. b6 Rf8 47. Bb3+ 1-0

[Event "SLO-chT 29th"]
[Site "Slovenia"]
[Date "2019.11.23"]
[Round "5.3"]
[White "Ruck, Robert"]
[Black "Tomazini, Zan"]
[Result "1/2-1/2"]
[WhiteElo "2530"]
[BlackElo "2358"]
[PlyCount "63"]
[EventDate "2019.09.06"]
[EventType "team-tourn"]
[EventRounds "9"]
[EventCountry "SLO"]
[SourceTitle "CBM 193 Extra"]
[Source "ChessBase"]
[SourceDate "2020.01.31"]
[SourceVersion "1"]
[SourceVersionDate "2020.01.31"]
[SourceQuality "1"]
[WhiteTeam "Branik"]
[BlackTeam "Slovenska Bistrica Impol"]
[WhiteTeamCountry "SLO"]
[BlackTeamCountry "SLO"]

1. Nf3 Nf6 2. g3 g6 3. Bg2 Bg7 4. 0-0 0-0 5. d4 d5 6. Nbd2 c6 7. c4 Nbd7 8. b3 b6 9. Bb2 Bb7 10. Rc1 Rc8 11. cxd5 cxd5 12. Rxc8 Qxc8 13. Qb1 Qb8 14. Rc1 Rc8 15. Ba3 e6 16. e3 Rc6 17. Rxc6 Bxc6 18. Qc2 Bb7 19. Bf1 Bf8 20. Bxf8 Kxf8 21. Qc3 Qd6 22. Ne5 Kg7 23. Bb5 Nb8 24. b4 Nfd7 25. Nxd7 Nxd7 26. a3 Nb8 27. Nf3 Bc6 28. Bd3 f6 29. Kf1 Bb7 30. Ke1 Qc6 31. Qxc6 Nxc6 32. Bb5 1/2-1/2

[Event "SLO-chT 29th"]
[Site "Slovenia"]
[Date "2019.09.08"]
[Round "3.2"]
[White "Aczel, Gergely"]
[Black "Tomazini, Zan"]
[Result "0-1"]
[WhiteElo "2530"]
[BlackElo "2358"]
[PlyCount "80"]
[EventDate "2019.09.06"]
[EventType "team-tourn"]
[EventRounds "9"]
[EventCountry "SLO"]
[SourceTitle "CBM 192 Extra"]
[Source "Chessbase"]
[SourceDate "2019.11.06"]
[SourceVersion "1"]
[SourceVersionDate "2019.11.06"]
[SourceQuality "1"]
[WhiteTeam "Murska Sobota Radenska"]
[BlackTeam "Slovenska Bistrica Impol"]
[WhiteTeamCountry "SLO"]
[BlackTeamCountry "SLO"]

1. d4 Nf6 2. c4 g6 3. Nc3 Bg7 4. e4 0-0 5. Bg5 c5 6. d5 Qa5 7. Qd2 d6 8. Nge2 a6 9. Ng3 b5 10. cxb5 axb5 11. Nxb5 Qxd2+ 12. Bxd2 Na6 13. Rc1 Bd7 14. a4 Rfb8 15. b3 Ne8 16. Bc4 Nec7 17. Nxc7 Nxc7 18. 0-0 Bc8 19. Rc2 Na6 20. Bb5 Nc7 21. Bc4 Ba6 22. Rb1 Rb7 23. Ne2 Rab8 24. Nc1 f5 25. b4 Bxc4 26. Rxc4 fxe4 27. b5 Nxd5 28. Ne2 Nb6 29. Rxe4 d5 30. Rg4 d4 31. Ra1 Ra8 32. Rg3 Rxa4 33. Rxa4 Nxa4 34. Rb3 c4 35. Rb4 c3 36. Be3 d3 37. Rxa4 dxe2 38. Ra1 c2 39. Rc1 Rxb5 40. f3 Bc3 0-1

[Event "Mitropa Cup 38th"]
[Site "Radenci"]
[Date "2019.06.02"]
[Round "7.2"]
[White "Blohberger, Felix"]
[Black "Tomazini, Zan"]
[Result "1-0"]
[WhiteElo "2475"]
[BlackElo "2378"]
[PlyCount "117"]
[EventDate "2019.05.27"]
[EventType "team-tourn"]
[EventRounds "9"]
[EventCountry "SLO"]
[SourceTitle "CBM 190 Extra"]
[Source "ChessBase"]
[SourceDate "2019.07.15"]
[SourceVersion "1"]
[SourceVersionDate "2019.07.15"]
[SourceQuality "1"]
[WhiteTeam "Austria"]
[BlackTeam "Slovenia"]
[WhiteTeamCountry "AUT"]
[BlackTeamCountry "SLO"]

1. e4 c5 2. Nf3 d6 3. Nc3 Nf6 4. e5 dxe5 5. Nxe5 Nbd7 6. d4 Nxe5 7. dxe5 Qxd1+ 8. Kxd1 Ng4 9. Bb5+ Bd7 10. e6 fxe6 11. Ke2 0-0-0 12. Bxd7+ Rxd7 13. Ne4 e5 14. Kf3 Nf6 15. Nxc5 Rc7 16. Be3 b6 17. Ne6 Rc6 18. Nxf8 Rxf8 19. c3 Nd5+ 20. Ke2 Nf4+ 21. Bxf4 exf4 22. Kf3 e5 23. Rhe1 Re6 24. Rad1 g5 25. h3 h5 26. Ke4 Kc7 27. Rd5 g4 28. hxg4 hxg4 29. Rh1 Kc6 30. Rh7 Rd6 31. Rxd6+ Kxd6 32. b4 Rc8 33. Rh6+ Kd7 34. Kxe5 Rxc3 35. Kxf4 Rc2 36. Rh7+ Kc6 37. Rxa7 Rxf2+ 38. Kg3 Rb2 39. Rg7 Rxb4 40. Rxg4 Rb2 41. a4 Kd5 42. Rg5+ Ke4 43. Rb5 Ra2 44. Rxb6 Rxa4 45. Rb5 Ra2 46. Kh3 Ra8 47. g4 Rh8+ 48. Kg3 Rf8 49. g5 Rf5 50. Rb4+ Ke5 51. Kg4 Rf1 52. Rb6 Rh1 53. g6 Rh2 54. Kg5 Rh1 55. g7 Rg1+ 56. Kh6 Rh1+ 57. Kg6 Rg1+ 58. Kh7 Rh1+ 59. Rh6 1-0

[Event "SLO-ch 29th"]
[Site "Radenci"]
[Date "2019.05.02"]
[Round "7"]
[White "Mohr, Pablo"]
[Black "Tomazini, Zan"]
[Result "0-1"]
[WhiteElo "1838"]
[BlackElo "2390"]
[PlyCount "42"]
[EventDate "2019.04.27"]
[EventType "swiss"]
[EventRounds "9"]
[EventCountry "SLO"]
[SourceTitle "CBM 190 Extra"]
[Source "ChessBase"]
[SourceDate "2019.07.15"]
[SourceVersion "1"]
[SourceVersionDate "2019.07.15"]
[SourceQuality "1"]

1. e4 g6 2. d4 Bg7 3. Nc3 d6 4. Be3 a6 5. Qd2 Nd7 6. Bd3 c5 7. Nge2 b5 8. e5 cxd4 9. Nxd4 Nxe5 10. Be4 Rb8 11. f4 Nc4 12. Qc1 Bb7 13. Nc6 Bxc6 14. Bxc6+ Kf8 15. 0-0 Nxb2 16. Qxb2 Rc8 17. Qb4 Rxc6 18. Bd4 Rc4 19. Bxg7+ Kxg7 20. Qb2 Qb6+ 21. Kh1 Qd4 0-1